[Event "Balatonbereny op"]
[Site "Balatonbereny"]
[Date "1996.??.??"]
[Round "8"]
[White "Adorjan, Andras"]
[Black "Bezgodov, Alexei"]
[Result "1/2-1/2"]
[WhiteElo "2525"]
[BlackElo "2485"]

1.c4 c6 2.e4 d5 3.exd5 Nf6 4.d4 cxd5 5.Nc3 g6 6.Qb3 Bg7 7.cxd5 O-O 8.Nge2 Na6
9.g3 Qb6 10.Bg2 Qxb3 11.axb3 Nb4 12.O-O Bg4 13.Ra5 a6 14.h3 Bf5 15.Rc5 Rac8
16.Bf4 Nd3 17.Rxc8 Rxc8 18.g4 Nxf4 19.Nxf4 Bc2 20.d6 exd6 21.Bxb7 Rb8 22.Bxa6 Rxb3
23.Re1 Rxb2 24.Re2 Bh6 25.Nfd5 Nxd5 26.Nxd5 Rb1+ 27.Kg2 Bb3 28.Nf6+ Kg7 29.Ne8+ Kf8
30.Nf6 Kg7  1/2-1/2

[Event "Balatonbereny"]
[Site "Balatonbereny"]
[Date "1996.??.??"]
[Round "11"]
[White "Stangl, Markus"]
[Black "Kallai, Gabor"]
[Result "1/2-1/2"]
[WhiteElo "2565"]
[BlackElo "2495"]

1.c4 c6 2.Nf3 d5 3.d4 Nf6 4.Nc3 a6 5.Ne5 e6 6.Bf4 dxc4 7.Nxc4 b5 8.Ne5 c5
9.dxc5 Qxd1+ 10.Rxd1 Bxc5 11.Nd3 Be7 12.f3 Nbd7 13.e4 Bb7 14.Be2 Rc8 15.Kf2 Nb6
16.Ne5 Bc5+ 17.Be3 Ke7 18.Rc1 Bxe3+ 19.Kxe3 Rhd8 20.Rhd1 Rxd1 21.Rxd1 Ne8
22.Kd2 f6 23.Ng4 f5 24.exf5 exf5 25.Nf2 Nf6 26.Re1 Kd6 27.Bd3 g6 28.Nh3 Re8
29.Rxe8 Nxe8 30.a3 Nf6 31.Ng5 Nbd5 32.Nxd5 Bxd5 33.Ke3 h6 34.Nh3 Ke5 35.g3 g5
36.f4+ gxf4+ 37.gxf4+ Ke6 38.Nf2 Bg2 39.a4 Nd5+ 40.Kd4 bxa4 41.Bxa6 Nxf4
42.Bb5 Kd6 43.Bxa4 Ne6+ 44.Kc3 Ng5 45.Bd1 Ne4+ 46.Nxe4+ Bxe4 47.Kd4 Bc6 48.Bc2 Bd7
49.b4 Ke6 50.Bd1 Kd6 51.Bf3 Bb5 52.Bd5 Be8 53.Bg8 Ba4 54.h4  1/2-1/2

[Event "Regionalliga SO9596"]
[Site "Bayern"]
[Date "1996.??.??"]
[Round "?"]
[White "Brestan, Peter"]
[Black "Moldawskij, Alexander"]
[Result "0-1"]
[WhiteElo "2045"]
[BlackElo "2005"]

1.c4 c6 2.d4 d5 3.Nf3 Nf6 4.Nc3 dxc4 5.a4 g6 6.e4 Be6 7.Ng5 Qd7 8.Nxe6 Qxe6
9.Qe2 Na6 10.Qxc4 Qxc4 11.Bxc4 Nb4 12.Bb3 Nd3+ 13.Ke2 Nxc1+ 14.Raxc1 Bg7
15.Rhd1 e6 16.e5 Nd7 17.Ne4 Bf8 18.f4 h5 19.a5 a6 20.Rc2 Be7 21.Ba4 O-O 22.Rd3 Rab8
23.Rb3 Rfc8 24.Nd2 Kf8 25.Nc4 Ke8 26.Rd3 Rd8 27.Kf3 Kf8 28.Ke4 Rbc8 29.Rb3 Rc7
30.Nd6 Bxd6 31.exd6 Nf6+ 32.Ke3 Rxd6 33.g3 Rcd7 34.Rc4 Rd5 35.Ra3 Rxa5 36.b4 Rxa4
37.Rxa4 b5 38.Rxc6 bxa4 39.Rxa6 Rb7 40.Rxa4 Nd5+ 41.Ke4 Rxb4 42.Ra8+ Kg7
43.Ra3 Rb2 44.h3 Re2+ 45.Kf3 Rd2 46.Ke4 Rc2 47.Kd3 Rg2 48.Ke4 h4 49.gxh4 Rf2
50.h5 Rxf4+ 51.Ke5 Rf5+  0-1

[Event "Regionalliga SW9596"]
[Site "Bayern"]
[Date "1996.??.??"]
[Round "?"]
[White "Koller, Werner"]
[Black "Silberhorn, Helmut"]
[Result "0-1"]
[WhiteElo "1990"]
[BlackElo "1995"]

1.c4 c6 2.Nf3 d5 3.b3 Nf6 4.g3 g6 5.Bg2 Bg7 6.Bb2 O-O 7.O-O Bf5 8.d3 Qc8
9.cxd5 cxd5 10.Nbd2 Bh3 11.Rc1 Nc6 12.Ne5 Bxg2 13.Kxg2 Qe6 14.Nxc6 bxc6 15.Nf3 Rac8
16.b4 Rfe8 17.Re1 Qd6 18.Qa4 e5 19.Bxe5 Rxe5 20.Nxe5 Qxe5 21.Rxc6 Rxc6 22.Qxc6 Qb2
23.Rc1 Qxb4 24.Qa8+ Bf8 25.Qxa7 Qd2 26.Rc7 Qxe2 27.Rxf7 Ng4 28.Rf4 Qe6 29.Qb8 Nf6
30.a4 Nd7 31.Qc8 Qd6 32.Qe8 Nf6 33.a5  0-1

[Event "Regionalliga NO9596"]
[Site "Bayern"]
[Date "1996.??.??"]
[Round "?"]
[White "Thiele, Heinz"]
[Black "Greul, Hans"]
[Result "0-1"]
[WhiteElo "2010"]
[BlackElo "1945"]

1.c4 c6 2.d4 d5 3.cxd5 cxd5 4.Nc3 Nc6 5.Nf3 e6 6.Bf4 Qb6 7.Qb3 Nxd4 8.Nxd4 Qxd4
9.e3 Qb4 10.Bb5+ Bd7 11.Bxd7+ Kxd7 12.Qc2 Qc4 13.O-O-O Nf6 14.Rd4 Qc6 15.e4 Bc5
16.exd5 Nxd5 17.Rd2 Bb4 18.Rhd1 Bxc3 19.bxc3 Rac8 20.Rxd5+ exd5 21.Qf5+ Ke7
22.Re1+ Kd8 23.Re3 Qd7 24.Bg5+ f6 25.Bxf6+ gxf6 26.Qxf6+ Kc7 27.Re7 Qxe7
28.Qxe7+ Kc6 29.Kb2 Rhe8 30.Qxh7 Kc5 31.Kb3 Rc6 32.Qd3 Re4 33.f3 Rc4 34.Qe3+ Kb5
35.a3 Rb6 36.Qd3 Kc5+ 37.Ka2 Ra4 38.Qe3+ Kd6 39.g4 Rba6 40.Qc1 Ke5 41.h4 d4
42.cxd4+ Kxd4 43.h5 Ke5 44.Qg5+ Ke6 45.Qc5 R6a5 46.Qe3+ Kf6 47.Qh6+ Kf7 48.Qg6+ Kf8
49.Qd6+ Kg7 50.Qe7+ Kh6 51.Qf6+ Kh7 52.Qf8 Rg5 53.Qe7+ Rg7 54.Qd6 Ra6 55.Qd3+ Kh8
56.Kb2 Re6 57.Qd4 Kh7 58.Qxa7 Rge7 59.Qc5 Re1 60.Qf5+ Kg8 61.Kc3 R1e5 62.Qg6+ Rg7
63.Qf6 Rc5+ 64.Kd4 Rc6 65.Qd8+ Kh7 66.g5 Rcc7 67.Ke4 Rcd7 68.g6+ Kh6 69.Qh8+ Kg5
70.f4+ Kg4 71.Ke5 Rc7 72.Qh6 Rc5+ 73.Kf6 Rgc7 74.Ke6 Rxh5 75.Qf8 Rc6+ 76.Kd7 Rd5+
77.Ke7  0-1

[Event "Regionalliga NW9697"]
[Site "Bayern"]
[Date "1996.??.??"]
[Round "?"]
[White "Neuberger, Dirk"]
[Black "Bebersdorf, Claus"]
[Result "1-0"]
[WhiteElo "2020"]
[BlackElo "2020"]

1.c4 c6 2.Nf3 d5 3.Qc2 Nf6 4.g3 e6 5.b3 Be7 6.Bg2 O-O 7.O-O b5 8.Bb2 Ba6
9.Ne5 Nfd7 10.Nxd7 Nxd7 11.d3 Bf6 12.Bxf6 Nxf6 13.Nd2 Rc8 14.c5 Bb7 15.d4 a5
16.a3 Qc7 17.Nf3 Nd7 18.Rfe1 e5 19.e4 dxe4 20.Nxe5 Nxe5 21.dxe5 Qxe5 22.Bxe4 Qh5
23.Qc3 Ra8 24.Bf3 Qh6 25.Rad1 Rfd8 26.Rxd8+ Rxd8 27.Qxa5 Qf6 28.Qc7 Ba8 29.Qe7 Qxe7
30.Rxe7 Rc8 31.Ra7 Kf8 32.h4 Rb8 33.Rc7 Ke8 34.Kg2 Bb7 35.Rxb7  1-0

[Event "Regionalliga NW9697"]
[Site "Bayern"]
[Date "1996.??.??"]
[Round "?"]
[White "Stephan, Anna"]
[Black "Fink, Alexander"]
[Result "0-1"]
[WhiteElo "1905"]
[BlackElo "1835"]

1.c4 c6 2.Nc3 d5 3.e3 e5 4.cxd5 cxd5 5.d4 e4 6.Nge2 Nf6 7.Nf4 Bb4 8.Qa4+ Nc6
9.Bb5 Bxc3+ 10.bxc3 Bd7 11.Ba3 a6 12.Be2 b5 13.Qc2 Rc8 14.Bc5 g5 15.Nh3 Bxh3
16.gxh3 Nd7 17.Bd6 Nb6 18.Bg3 Na5 19.a3 Na4 20.O-O Rxc3 21.Qb1 Nb3 22.Ra2 Qc8
23.Bg4 Qc4 24.Be2 Qc6 25.Bd1 Nc1 26.Rd2 Nb6 27.Bh5 Nd3 28.f3 O-O 29.fxe4 dxe4
30.Rg2 Nc4 31.Bf4 Nxf4 32.exf4 Kh8 33.Rxg5 Nd2 34.d5 Qc5+ 35.Kh1 Nxb1 36.Rfg1 Rc1  0-1

[Event "Regionalliga NW9697"]
[Site "Bayern"]
[Date "1996.??.??"]
[Round "?"]
[White "Zschunke, Werner"]
[Black "Stelzig, Georg"]
[Result "1/2-1/2"]
[WhiteElo "2015"]
[BlackElo "2020"]

1.c4 c6 2.Nf3 d5 3.b3 Nf6 4.Bb2 Bf5 5.d3 h6 6.Nbd2 e6 7.g3 Bd6 8.Bg2 Qe7
9.Nd4 Bg4 10.h3 Bh5 11.cxd5 Nxd5 12.O-O Ba3 13.Bxa3 Qxa3 14.Qc1 Qxc1 15.Raxc1 Nd7
16.N4f3 Ke7 17.Ne4 Rhd8 18.Nc5 Nxc5 19.Rxc5 f6 20.g4 Bg6 21.Nh4 Bh7 22.Bxd5 Rxd5
23.Rxd5 exd5 24.d4 Kd6 25.Rc1 b6 26.Ng2 Bg6 27.Nh4 Bh7 28.Ng2 Bg8 29.Nf4 Bf7
30.Nd3 Be6 31.Nf4 Rc8 32.Nxe6 Kxe6 33.b4  1/2-1/2

[Event "Oberliga Bayern9596"]
[Site "Bayern"]
[Date "1996.??.??"]
[Round "?"]
[White "Schwarz, Michael"]
[Black "Schoellmann, Jochen"]
[Result "1-0"]
[WhiteElo "2410"]
[BlackElo "2360"]

1.c4 c6 2.Nf3 d5 3.d4 Nf6 4.Qc2 g6 5.Nc3 dxc4 6.e3 Bf5 7.e4 Bg4 8.Bxc4 b5
9.Be2 Bxf3 10.Bxf3 Qxd4 11.O-O Nbd7 12.Nxb5 cxb5 13.e5 Rd8 14.exf6 Ne5 15.Be2 Nc4
16.Be3 Qd7 17.Bxc4 bxc4 18.Rad1 Qc6 19.Rxd8+ Kxd8 20.Rd1+ Kc8 21.Rd4 c3 22.Rd3  1-0

[Event "Lee Cup"]
[Site "Beijing"]
[Date "1996.??.??"]
[Round "4"]
[White "Stohl, Igor"]
[Black "Xia Yu"]
[Result "1-0"]
[WhiteElo "2560"]
[BlackElo "2355"]

1.c4 c6 2.e4 d5 3.exd5 cxd5 4.d4 Nf6 5.Nc3 e6 6.Nf3 Be7 7.cxd5 exd5 8.Bd3 Nc6
9.h3 O-O 10.O-O Be6 11.Re1 Qc8 12.Bf4 Bf5 13.Bb5 Bb4 14.Rc1 a6 15.Ba4 b5
16.Bb3 Bxc3 17.Rxc3 Qb7 18.Ne5 Na5 19.Bc2 Ne4 20.Bxe4 Bxe4 21.Nd3 Bxd3 22.Rc7 Qb6
23.Qxd3 Nc6 24.Rc1 Nd8 25.Be5 Qg6 26.Qf3 Ne6 27.Rd7 Ng5 28.Qb3 Rad8 29.Rcc7 Ne6
30.Ra7 Qe4 31.f3 Qe1+ 32.Kh2 Rxd7 33.Rxd7 Nc5 34.dxc5 Qxe5+ 35.Kh1 Qe1+ 36.Kh2 Qe5+
37.f4 Qxf4+ 38.Qg3 Qc4 39.Qd6 h5 40.c6 Re8 41.c7 Re6 42.b3 Qc1 43.Qg3 Kh7
44.Rxf7 Rg6 45.Qe5 Qc2 46.Qxh5+ Rh6 47.Qg4  1-0

[Event "Lee Cup"]
[Site "Beijing"]
[Date "1996.??.??"]
[Round "6"]
[White "Zhang Weida"]
[Black "Zhang Pengxiang"]
[Result "1-0"]
[WhiteElo "2290"]
[BlackElo "2325"]

1.c4 c6 2.e4 g6 3.Nc3 Bg7 4.d4 d6 5.Nf3 Bg4 6.Be3 Bxf3 7.gxf3 Nd7 8.Qd2 c5
9.d5 Qa5 10.Be2 a6 11.O-O h5 12.a3 Ngf6 13.h3 Qc7 14.f4 Nh7 15.a4 Qa5 16.Kh1 Bf6
17.Qd3 Qc7 18.a5 b6 19.axb6 Qxb6 20.Ra2 Bg7 21.Rg1 Bf6 22.Bd1 Qc7 23.Ba4 O-O
24.Bc2 Bg7 25.Qe2 Rfb8 26.f5 Nhf8 27.f4 Nf6 28.Bd2 h4 29.Qe1 Rb4 30.b3 Rab8
31.Ra3 a5 32.Qxh4 a4 33.Nxa4 e6 34.Bc3 Nxe4 35.Bxg7 Kxg7 36.Bxe4 exf5 37.Bc2 Qb7
38.Qg3 Ne6 39.Bxf5 Nd4 40.Bxg6 Ne2 41.Qg5 Nxg1 42.Bc2+ Kf8 43.Kxg1 Qd7 44.Qh6+ Ke8
45.Nc3 Qe7 46.Ne4 Kd7 47.Kf2 Kc7 48.Qf6 Qd7 49.Bd1 Rd8 50.Bg4 Qe8 51.Ra7+ Kb8
52.Re7 Qg8 53.Nxd6 Rb6 54.Qxf7  1-0

[Event "Benasque op"]
[Site "Benasque"]
[Date "1996.??.??"]
[Round "2"]
[White "Toledo, Francisco J"]
[Black "Antunes, Antonio"]
[Result "0-1"]
[WhiteElo "2190"]
[BlackElo "2540"]

1.c4 c6 2.Nf3 d5 3.cxd5 cxd5 4.d4 Nc6 5.Nc3 Nf6 6.Bf4 a6 7.e3 Bg4 8.Be2 e6
9.O-O Be7 10.Ne5 Bxe2 11.Nxc6 bxc6 12.Qxe2 Qa5 13.Rfc1 O-O 14.a3 Rfc8 15.b4 Qd8
16.Na4 a5 17.Nc5 axb4 18.axb4 Qb6 19.Rab1 h6 20.h3 Qa7 21.b5 cxb5 22.Rxb5 Ne4
23.Qb2 Nxc5 24.dxc5 Rxc5 25.Rcxc5 Bxc5 26.Be5 Bf8 27.Rb7 Qa6 28.Bd4 Qc6 29.g3 Ra2
30.Qb1 Rc2 31.Qb5 Qxb5 32.Rxb5 Bd6 33.Ba7 Kh7 34.Kg2 Kg6 35.Rb7 h5 36.Rd7 Bb4
37.e4 dxe4 38.Rd4 Ba3 39.Rxe4 Bb2 40.Be3 Bf6 41.h4 Ra2 42.Rc4 Be7 43.Rc7 Bb4
44.Rb7 Bc3 45.Rb5 e5 46.Kf3 f6 47.Rb3 Ba1 48.Rb7 Ra6 49.Rd7 Bc3 50.Rc7 Ba5
51.Rd7 Bb4 52.Rb7 Bd6 53.Rd7 Rc6 54.Rb7 Bc7 55.Rb3 Kf5 56.Rb1 g6 57.Rb4 Rc3
58.Ra4 Bb6 59.Rb4 Bd4 60.Rb5 Ra3 61.Rd5 Rb3 62.Ra5 g5 63.hxg5 fxg5 64.Ke2 Bxe3
65.fxe3 Rb2+ 66.Kd3 Rg2 67.e4+ Kg4 68.Rxe5 Rxg3+ 69.Kd4 h4 70.Re8 h3 71.Rh8 Rg1
72.e5 Re1  0-1

[Event "Berliner Sommer"]
[Site "Berlin"]
[Date "1996.??.??"]
[Round "4"]
[White "Lalic, Bogdan"]
[Black "Haba, Petr"]
[Result "1-0"]
[WhiteElo "2565"]
[BlackElo "2485"]

1.c4 c6 2.e4 d5 3.exd5 cxd5 4.d4 Nf6 5.Nc3 e6 6.Nf3 Bb4 7.cxd5 Nxd5 8.Qc2 Nd7
9.a3 Nxc3 10.bxc3 Be7 11.Bd3 Nf6 12.O-O O-O 13.Ne5 Qc7 14.f4 g6 15.c4 b6
16.Rf3 Bb7 17.Rh3 Rad8 18.Bb2 b5 19.c5 Nd5 20.Rf1 Bc6 21.f5 exf5 22.Rxf5 Bf6
23.Qf2 Bg7 24.Qh4 h5 25.Rxh5 gxh5 26.Bh7+ Kh8 27.Be4 Rfe8 28.Rg3 f5 29.Qxh5+ Kg8
30.Qxf5 Nf6 31.Bxc6 Rxe5 32.dxe5 Rd1+ 33.Kf2 Rd2+ 34.Ke3 Rxb2 35.exf6 Qxc6
36.Rxg7+ Kf8 37.Rg8+ Kf7 38.Qg6+ Ke6 39.f7+  1-0

[Event "Bermuda"]
[Site "Bermuda"]
[Date "1996.??.??"]
[Round "4"]
[White "Donaldson, John W"]
[Black "Livshits, Ron"]
[Result "1-0"]
[WhiteElo "2420"]
[BlackElo "2420"]

1.c4 c6 2.d4 d5 3.Nf3 Nf6 4.Nc3 dxc4 5.a4 Bf5 6.Ne5 e6 7.g3 Bb4 8.Bg2 O-O
9.O-O Nbd7 10.Nxc4 a5 11.e4 Bg4 12.f3 Bh5 13.Be3 Nb6 14.Qe2 Nxc4 15.Qxc4 Re8
16.Rfd1 Qe7 17.Na2 Nd5 18.Bf2 Nc7 19.Nxb4 Qxb4 20.Qxb4 axb4 21.Be1 Na6 22.Kf2 Red8
23.g4 Bg6 24.Bf1 Kf8 25.Ke3 Ke8 26.a5 f6 27.Bxa6 Rxa6 28.Bxb4 Bf7 29.Bc5 Rd7
30.h4 Ra8 31.Bb6 Ke7 32.Bc5+ Ke8 33.g5 f5 34.exf5 exf5 35.Kf4 Bd5 36.Re1+ Kf7
37.Re5 g6 38.Rae1 Rxa5 39.Re7+ Rxe7 40.Rxe7+ Kg8 41.h5 gxh5 42.Kxf5 Bxf3
43.g6 hxg6+ 44.Kxg6 Ra8 45.Kh6 Bd5 46.Rg7+ Kh8 47.Bd6 Re8 48.Be5 Rxe5 49.dxe5 h4
50.Rg4 h3 51.Rh4 Kg8 52.Kg6  1-0

[Event "Bermuda"]
[Site "Bermuda"]
[Date "1996.??.??"]
[Round "10"]
[White "Zamora, Jorge"]
[Black "Livshits, Ron"]
[Result "1-0"]
[WhiteElo "2405"]
[BlackElo "2420"]

1.c4 c6 2.d4 d5 3.Nc3 Nf6 4.Nf3 e6 5.Bg5 dxc4 6.e4 b5 7.e5 h6 8.Bh4 g5 9.Nxg5 hxg5
10.Bxg5 Nbd7 11.g3 Bb7 12.Bg2 Qb6 13.exf6 c5 14.d5 O-O-O 15.O-O b4 16.Na4 Qb5
17.a3 exd5 18.axb4 d4 19.Bxb7+ Qxb7 20.Nxc5 Bxc5 21.bxc5 Ne5 22.f3 Qxb2 23.Rf2 Nxf3+
24.Qxf3 Qxa1+ 25.Rf1 Qa6 26.Rb1 Rhe8 27.Bf4 c3 28.Rb8+  1-0

[Event "Bern op"]
[Site "Bern"]
[Date "1996.??.??"]
[Round "2"]
[White "Schian, Thomas"]
[Black "Schneuwly, Achim"]
[Result "0-1"]
[WhiteElo "2320"]
[BlackElo "2135"]

1.c4 c6 2.e4 d6 3.d4 e5 4.Nf3 Nd7 5.Nc3 Ngf6 6.g3 Be7 7.Bg2 Qc7 8.O-O Nf8
9.h3 Ng6 10.Be3 h5 11.Qd2 h4 12.g4 Be6 13.d5 Bxg4 14.hxg4 h3 15.Bh1 Qd7 16.Nh2 Nxg4
17.Bf3 Nxh2 18.Kxh2 Nh4 19.Qe2 g6 20.Bg4 f5 21.Bxh3 O-O-O 22.Rh1 g5 23.exf5 g4
24.Qxg4 Rdg8 25.f6 Nf3+  0-1

[Event "Bern op"]
[Site "Bern"]
[Date "1996.??.??"]
[Round "8"]
[White "Hirzel, Rene"]
[Black "Ballon, Guenther Jan"]
[Result "1/2-1/2"]
[WhiteElo "2185"]
[BlackElo "2245"]

1.c4 c6 2.g3 d5 3.Bg2 Nf6 4.Nf3 Bf5 5.cxd5 cxd5 6.Nc3 e6 7.O-O Nc6 8.Qa4 Nd7
9.d3 Nc5 10.Qd1 Be7 11.a3 Bf6 12.Rb1 O-O 13.Bd2 a5 14.Na4 Nd7 15.Rc1 Qe7
16.Qb3  1/2-1/2

[Event "Bahn-chG"]
[Site "Borkum"]
[Date "1996.??.??"]
[Round "5"]
[White "Becker, Andre"]
[Black "Horvath, Maria"]
[Result "1/2-1/2"]
[WhiteElo "2190"]
[BlackElo "2040"]

1.c4 c6 2.Nf3 d5 3.b3 Bf5 4.Bb2 e6 5.d3 Nf6 6.e3 Bd6 7.Be2 Nbd7 8.Nh4 Bg6
9.Nxg6 hxg6 10.Nd2 e5 11.Qc2 Qe7 12.a3 a5 13.h3 Nf8 14.O-O g5 15.b4 axb4
16.axb4 Rd8 17.c5 Bb8 18.b5 Qd7 19.Nf3  1/2-1/2

[Event "Slovan op"]
[Site "Bratislava"]
[Date "1996.??.??"]
[Round "6"]
[White "Ruckschloss, Karol"]
[Black "Svobodova, Michaela"]
[Result "1-0"]
[WhiteElo "2240"]
[BlackElo "2150"]

1.c4 c6 2.d4 d5 3.e3 Nf6 4.Nc3 a6 5.Nf3 b5 6.cxd5 cxd5 7.Ne5 e6 8.Bd3 Bb7
9.O-O Nbd7 10.f4 Be7 11.Qf3 b4 12.Ne2 Ne4 13.f5 O-O 14.Nxd7 Qxd7 15.Ng3 Qc6
16.Bxe4 dxe4 17.Qg4 Kh8 18.Bd2 Rac8 19.Nh5 g6 20.fxg6 fxg6 21.Nf4 Rf5 22.Rac1 Qd7
23.Rxc8+ Bxc8 24.Rc1 Kg7 25.Qe2 Bd6 26.Qc4 Rf8 27.Bxb4 Bxb4 28.Qxb4 g5 29.Nh5+ Kg8
30.Qc5 Qf7 31.Qxg5+ Kh8 32.h3 Bb7 33.Qe5+ Kg8 34.Kh2 Rc8 35.Qg5+ Kh8 36.Rxc8+ Bxc8
37.Qd8+ Qg8 38.Qf6+  1-0

[Event "Slovan op"]
[Site "Bratislava"]
[Date "1996.??.??"]
[Round "8"]
[White "Ruckschloss, Karol"]
[Black "Ulak, Slawomir"]
[Result "1/2-1/2"]
[WhiteElo "2240"]
[BlackElo "2255"]

1.c4 c6 2.d4 d5 3.e3 Nf6 4.Nc3 a6 5.Nf3 b5 6.cxd5 cxd5 7.Ne5 e6 8.Bd3 Bb7
9.O-O Nbd7 10.f4 Bd6 11.Bd2 Ne4 12.Be1 O-O 13.a4 b4 14.Nxd7 Qxd7 15.Nxe4 dxe4
16.Bc4 Rac8 17.b3 a5 18.Rc1 Rc7 19.Qh5 f5 20.Bd2 Rfc8 21.Qe2 Bd5 22.Bxd5 exd5
23.Qa6 Rxc1 24.Rxc1 Rxc1+ 25.Bxc1 Bc7 26.Bd2 Kf7 27.Be1 Bd8 28.Kf1 Qc7 29.Qb5 Ke6
30.Qe8+ Qe7 31.Qg8+ Kd6 32.Qxh7 Qf6 33.Qg8 Qe7 34.h3 Qc7 35.Qf8+ Ke6 36.Qe8+ Qe7
37.Qg8+ Kd6 38.g4 fxg4 39.hxg4 Kc6 40.Qh7 Kb7 41.Qf5 Qd6 42.Kg2 Qc6 43.Bf2 Bc7
44.Qf7 Kb6 45.f5 Qd6 46.Qg6 Qxg6 47.fxg6 Bd8 48.Bg3 Bf6 49.Bd6 Kc6 50.Bc5 Bg5
51.Kf2 Kd7 52.Bb6 Bd8 53.Bxd8 Kxd8 54.Kg3 Kc7 55.g5 Kd6 56.Kf4 Ke6 57.Kg4 Ke7
58.Kg3 Kd7 59.Kh4 Kd6 60.Kg4 Kd7  1/2-1/2

[Event "POL-ch (Women)"]
[Site "Brzeg Dolny"]
[Date "1996.??.??"]
[Round "1"]
[White "Guzkowska, Magdalena"]
[Black "Kludacz, Magdalena"]
[Result "1-0"]
[WhiteElo "2235"]
[BlackElo "2105"]

1.c4 c6 2.g3 d5 3.Bg2 Nf6 4.Qc2 g6 5.b3 Bg7 6.Bb2 O-O 7.Nf3 Bf5 8.d3 a5 9.O-O Re8
10.Nh4 Bc8 11.Nc3 e5 12.Nf3 d4 13.Na4 Bf5 14.c5 Na6 15.Nd2 Nd7 16.Ba3 Bf8
17.Qc1 Qe7 18.Nc4 Naxc5 19.Ncb6 Nxd3 20.Bxe7 Nxc1 21.Raxc1 Bxe7 22.Nxa8 Rxa8
23.e4 dxe3 24.fxe3 Ba3 25.Rcd1 Nc5 26.Nb6 Ra6 27.Nc4 Bb4 28.Nxe5 f6 29.g4 Bc2
30.Rd8+ Kg7 31.Nd7 f5 32.Rc1 Ne6 33.Rb8 Be4 34.Bxe4 fxe4 35.Rxb7 Nd8 36.Nc5+ Nxb7
37.Nxa6 Bd2 38.Rxc6 Bxe3+ 39.Kf1 Nd8 40.Rc7+ Nf7 41.Re7 Bf4 42.Rxe4 Bxh2
43.Ra4 Ne5 44.Kg2 Nxg4 45.Rxg4 Be5 46.b4 axb4 47.Nxb4 h5 48.Rc4 g5 49.a4  1-0

[Event "Budapest FS04 GM"]
[Site "Budapest"]
[Date "1996.??.??"]
[Round "1"]
[White "Kozlov, Oleg"]
[Black "Acs, Peter"]
[Result "0-1"]
[WhiteElo "2370"]
[BlackElo "2440"]

1.c4 c6 2.Nf3 Nf6 3.d4 d5 4.Nc3 dxc4 5.a4 Bf5 6.e3 e6 7.Bxc4 Bb4 8.O-O Nbd7
9.h3 O-O 10.Nh4 Nb6 11.Bb3 Nbd5 12.Nxf5 exf5 13.Bd2 Bd6 14.Qf3 g6 15.Rfc1 Re8
16.a5 a6 17.Be1 Qd7 18.Na4 Qe6 19.Nb6 Rad8 20.Bc4 Kh8 21.Na4 Ne4 22.Bb3 Ng5
23.Qd1 f4 24.exf4 Bxf4 25.Bd2 Nxh3+ 26.Kf1 Qf5 27.Bxf4 Qxf4 28.Qf3 Qxf3 29.gxf3 Ng5
30.Bd1 Nf4 31.Nc5 Rxd4 32.Nxb7 Nd3 33.Rxc6 Re1+ 34.Kg2 Nf4+ 35.Kg3 Rg1+ 36.Kh2 Rg2+
37.Kh1 Ngh3  0-1

[Event "Budapest FS03 GM"]
[Site "Budapest"]
[Date "1996.??.??"]
[Round "3"]
[White "Hillarp Persson, Tiger"]
[Black "Acs, Peter"]
[Result "1/2-1/2"]
[WhiteElo "2410"]
[BlackElo "2440"]

1.c4 c6 2.Nf3 Nf6 3.d4 d5 4.Nc3 dxc4 5.e4 b5 6.e5 Nd5 7.a4 e6 8.Ng5 Be7 9.h4 h6
10.Nge4 b4 11.Nb1 Ba6 12.Qg4 g6 13.Nbd2 c3 14.Nc4 Bxc4 15.Bxc4 a5 16.h5 g5
17.O-O Nd7 18.bxc3 N7b6 19.Bb3 Nxc3 20.Nxc3 bxc3 21.Qe4 Nd5 22.f4 Rb8 23.Ba2 Rb4
24.fxg5 Qb6 25.Bxd5 cxd5 26.Qf3 Qxd4+ 27.Be3 Qxe5 28.Qxf7+ Kd8 29.Rae1 Re4
30.Bb6+ Kd7 31.Rxe4 Qxe4 32.Bc5 Rh7 33.Qf2 Bxg5 34.Re1 Qf5 35.Qe2 e5 36.Qb5+ Kc8
37.Qc6+ Rc7 38.Qa8+ Kd7 39.Qxd5+ Kc8 40.Qa8+ Kd7 41.Rd1+ Bd2 42.Qd5+ Ke8
43.Rf1 Bf4 44.Qg8+ Kd7 45.Qd5+  1/2-1/2

[Event "Budapest FS09 GM"]
[Site "Budapest"]
[Date "1996.??.??"]
[Round "4"]
[White "Legky, Nikolay A"]
[Black "Acs, Peter"]
[Result "1-0"]
[WhiteElo "2540"]
[BlackElo "2410"]

1.c4 c6 2.e4 d5 3.exd5 cxd5 4.d4 Nf6 5.Nc3 e6 6.cxd5 Nxd5 7.Nf3 Nc6 8.Bd3 Be7
9.O-O O-O 10.Re1 Bf6 11.Be4 Nce7 12.Qd3 h6 13.h3 Qd6 14.Nb5 Qa6 15.Ne5 Bxe5
16.dxe5 Bd7 17.a4 Bxb5 18.Qxb5 Qxb5 19.axb5 a6 20.Be3 Rfc8 21.Ra5 Rc4 22.Bd2 Rb8
23.Kf1 Nc7 24.bxa6 bxa6 25.Bc3 Ned5 26.Bd3 Rc6 27.Rc1 Rb3 28.Be4 Rc4 29.Bc2 Rb6
30.Bd3 Rcc6 31.Ke1 Nf4 32.Bf1 Ncd5 33.Bd2 Rxc1+ 34.Bxc1 Ng6 35.Rxa6 Rxa6
36.Bxa6 Nxe5 37.Bd2 Nc6 38.Bb7 Nd4 39.Be3 Nc2+ 40.Kd2 Ncb4 41.Bc5 f6 42.Bxb4 Nxb4
43.Kc3 Na2+ 44.Kc4 Kf7 45.Ba6  1-0

[Event "HUN-ch"]
[Site "Budapest"]
[Date "1996.??.??"]
[Round "4"]
[White "Horvath, Jozsef"]
[Black "Kiss, Pal"]
[Result "1/2-1/2"]
[WhiteElo "2515"]
[BlackElo "2480"]

1.c4 c6 2.d4 d5 3.Nc3 Nf6 4.e3 a6 5.Nf3 b5 6.b3 Bg4 7.Be2 e6 8.O-O Nbd7 9.h3 Bh5
10.Bb2 Be7 11.Ne5 Bxe2 12.Nxe2 Nxe5 13.dxe5 Nd7 14.Nd4 Qb6 15.cxd5 cxd5 16.Rc1 O-O
17.Rc6 Qb7 18.Qc2 Ra7 19.f4 Nb8 20.Rc3 b4 21.Rd3 Rc8 22.Qf2 Nd7 23.f5 Nxe5
24.fxe6 f6 25.Rd2 Qb6 26.g4 h6  1/2-1/2

[Event "Budapest FS02 GM"]
[Site "Budapest"]
[Date "1996.??.??"]
[Round "5"]
[White "Shinkevich, Vitaly"]
[Black "Varga, Peter"]
[Result "1-0"]
[WhiteElo "2360"]
[BlackElo "2420"]

1.c4 c6 2.d4 d5 3.Nc3 Nf6 4.e3 a6 5.cxd5 cxd5 6.Bd3 Nc6 7.Nge2 Bg4 8.f3 Bh5
9.Nf4 Bg6 10.Nxg6 hxg6 11.f4 e6 12.O-O Bd6 13.g3 Nd7 14.Qg4 Kf8 15.Bd2 f5
16.Qd1 Kf7 17.Kg2 Nb4 18.Be2 g5 19.h3 Nc6 20.e4 fxe4 21.f5 Nf6 22.fxe6+ Kxe6
23.Bxg5 Bb4 24.Bg4+ Kd6 25.Qb3 Bxc3 26.bxc3 b5 27.a4 b4 28.cxb4 Nxd4 29.Qc3 Ne6
30.Bxf6 gxf6 31.Rxf6 Re8 32.Qc5+ Kd7 33.Qxd5+ Kc7 34.Rc1+  1-0

[Event "Budapest FS03 GM"]
[Site "Budapest"]
[Date "1996.??.??"]
[Round "6"]
[White "Namgilov, Sogto"]
[Black "Acs, Peter"]
[Result "1/2-1/2"]
[WhiteElo "2425"]
[BlackElo "2440"]

1.c4 c6 2.Nf3 Nf6 3.g3 d5 4.Bg2 dxc4 5.a4 Bf5 6.Na3 Qd5 7.Nh4 Be4 8.f3 Bg6
9.e4 Qd4 10.Qe2 Na6 11.Bf1 O-O-O 12.Qxc4 Nb4 13.Qxd4 Rxd4 14.Ng2 Nd7 15.Ne3 Nc5
16.Bc4 e6 17.Ke2 Be7 18.b3 Bf6 19.Rb1 Rhd8 20.Rd1 Ncd3 21.Bxd3 Nxd3 22.Nac2 R4d7
23.Ne1 Nxc1+ 24.Rbxc1 Bd4 25.N1c2 f5 26.Nxd4 Rxd4 27.d3 fxe4 28.dxe4 e5 29.Nc4 Bf7
30.Rxd4 Rxd4 31.Nd2 Kd7 32.f4 exf4 33.gxf4 Rd6 34.Rg1 g6 35.Rg3 c5 36.Rc3 Rb6
37.Rh3 Bg8 38.Kd3 Rb4 39.Kc3 Ke7 40.Rd3 b6 41.Rh3 a6 42.Rg3 Bf7 43.Rh3 Bg8
44.Rg3 Bf7 45.Rg5 a5 46.Rg3 Be6 47.Re3 Kf6 48.Re1 Bf7 49.h4 Be6 50.Re3 Ke7
51.Re1 Kf6 52.Rf1 Bf7 53.Rf3 Be8 54.Re3 Ke7 55.Re1 Kf6  1/2-1/2

[Event "Budapest FS02 IM"]
[Site "Budapest"]
[Date "1996.??.??"]
[Round "7"]
[White "Wilhelmi, Christian"]
[Black "Arnold, Johannes"]
[Result "1/2-1/2"]
[WhiteElo "2325"]
[BlackElo "2190"]

1.c4 c6 2.d4 d5 3.Nf3 Nf6 4.Nc3 e6 5.Qc2 dxc4 6.a4 Bb4 7.Bg5 b5 8.g3 Qb6
9.Bg2 Bb7 10.O-O Nbd7 11.e4 Bxc3 12.bxc3 O-O 13.a5 Qc7 14.Bf4 Qc8 15.Bd6 c5
16.e5 Nd5 17.Ng5 g6 18.a6 Bxa6 19.dxc5 Bb7 20.Ne4 Re8 21.Qd2 f5 22.exf6 N5xf6
23.Nxf6+ Nxf6 24.Qg5 Ne4 25.Bxe4 Bxe4 26.Qf6 Qd8 27.Qe5 Bb7 28.Rad1 Qd7 29.Rd4 Qg7
30.Qxg7+ Kxg7 31.Be5+ Kf7 32.Rfd1 Bd5 33.h4 h5 34.Rf4+ Kg8 35.Rf6 Be4 36.Rd4 Bf5
37.Rd7 Red8 38.Re7 Rf8 39.c6 Rxf6 40.Bxf6 Rc8 41.c7 Kf8 42.Rh7 e5 43.Bxe5 Re8
44.c8=Q Rxc8 45.Rxa7 Be4 46.Bd6+ Kg8 47.Re7 Rd8 48.Rxe4 Rxd6 49.Re5 Rd3 50.Rxb5 Kf7  1/2-1/2

[Event "Budapest FS02 GM"]
[Site "Budapest"]
[Date "1996.??.??"]
[Round "7"]
[White "Shinkevich, Vitaly"]
[Black "Acs, Peter"]
[Result "1/2-1/2"]
[WhiteElo "2360"]
[BlackElo "2440"]

1.c4 c6 2.d4 d5 3.Nc3 Nf6 4.e3 a6 5.Bd2 b5 6.cxd5 cxd5 7.Bd3 e6 8.Nf3 Nbd7
9.a3 Bb7 10.Na2 Bd6 11.O-O O-O 12.Bb4 Qb8 13.Nd2 e5 14.Nb3 Re8 15.Rc1 Bc7
16.Ba5 Bd6 17.Bb4 Bc7 18.Ba5 Bd6 19.g3 exd4 20.Nxd4 Ne5 21.Bb4 Bc7 22.Bf5 Ne4
23.Nc3 Bb6 24.Nce2  1/2-1/2

[Event "Budapest FS08 GM"]
[Site "Budapest"]
[Date "1996.??.??"]
[Round "8"]
[White "Kumaran, Dharshan"]
[Black "McDonald, Neil R"]
[Result "1-0"]
[WhiteElo "2495"]
[BlackElo "2500"]

1.c4 c6 2.e4 d5 3.exd5 cxd5 4.d4 Nf6 5.Nc3 e6 6.Nf3 Nc6 7.Bg5 Be7 8.c5 Ne4
9.Bxe7 Qxe7 10.Bb5 Bd7 11.O-O Nxc3 12.bxc3 O-O 13.Rb1 b6 14.cxb6 axb6 15.Bxc6 Bxc6
16.Rxb6 Rfc8 17.Qb1 h6 18.Rc1 Qa3 19.Rb2 Ba4 20.h4 Be8 21.Qc2 f6 22.Nd2 Bg6
23.Qb3 Qd6 24.Qd1 Qa3 25.Qb3 Bd3 26.Qxa3 Rxa3 27.Nb3 Bc4 28.Nc5 e5 29.Nd7 Rc7
30.Rb8+ Kf7 31.Nb6 Rxa2 32.dxe5 fxe5 33.Re1 e4 34.Rd8 Ke6 35.Rd1 Ra5 36.Rd4 Rb5
37.Nxc4 Rxc4 38.R8xd5 Rxd5 39.Rxc4 Rd1+ 40.Kh2 Ke5 41.Rc7 Rd2 42.Kg3 Rd3+
43.Kg4 Rd2 44.Re7+ Kd6 45.Rxe4 Rxf2 46.g3 Rf7 47.c4 g5 48.h5 Kd7 49.c5 Rf1
50.Rd4+ Ke7 51.Rd6 Rc1 52.Rxh6 Rxc5 53.Rg6 Kf7 54.Rxg5 Rc4+ 55.Kh3 Rc1 56.Rg6 Rc4
57.Ra6 Kg7 58.g4 Rc5 59.Kh4 Rb5 60.h6+ Kh7 61.g5 Rb4+ 62.Kh5 Rb5 63.Ra7+ Kg8
64.Rg7+ Kh8 65.Re7 Kg8 66.Kg6 Rb6+ 67.Kf5 Rb1 68.g6 Rf1+ 69.Ke6 Re1+ 70.Kd6 Rd1+
71.Kc5 Rc1+ 72.Kb4 Rb1+ 73.Ka3 Rb8 74.Rc7  1-0